[Event "EYCC 2024 - G14"]
[Site "?"]
[Date "2024.08.25"]
[Round "4.8"]
[White "Skramstad, Oda Kofoed"]
[Black "Timagina, Sofia"]
[Result "1-0"]
[BlackElo "1749"]
[WhiteElo "1980"]
[LiveChessVersion "1.4.8"]

1. d4 {[%clk 1:30:51]} Nf6 {[%clk 1:30:55]} 2. c4 {[%clk 1:30:59]} g6
{[%clk 1:31:18]} 3. Nc3 {[%clk 1:31:24]} Bg7 {[%clk 1:31:34]} 4. e4
{[%clk 1:31:37]} d6 {[%clk 1:31:58]} 5. Nf3 {[%clk 1:32:02]} O-O {[%clk 1:32:17]}
6. Be2 {[%clk 1:32:29]} e5 {[%clk 1:32:27]} 7. O-O {[%clk 1:32:52]} Nc6
{[%clk 1:32:31]} 8. d5 {[%clk 1:33:13]} Ne7 {[%clk 1:32:54]} 9. Ne1
{[%clk 1:32:27]} Nd7 {[%clk 1:32:51]} 10. Be3 {[%clk 1:32:05]} f5
{[%clk 1:32:43]} 11. f3 {[%clk 1:31:59]} f4 {[%clk 1:33:05]} 12. Bf2
{[%clk 1:31:26]} g5 {[%clk 1:32:44]} 13. a4 {[%clk 1:27:20]} Rf6 {[%clk 1:31:32]}
14. a5 {[%clk 1:24:20]} Rh6 {[%clk 1:28:00]} 15. Nb5 {[%clk 1:19:59]} a6
{[%clk 1:26:28]} 16. Na7 {[%clk 1:19:56]} Qe8 {[%clk 1:12:26]} 17. Nxc8
{[%clk 1:19:17]} Rxc8 {[%clk 1:12:44]} 18. Kh1 {[%clk 1:17:28]} Qh5
{[%clk 1:07:31]} 19. Bg1 {[%clk 1:16:39]} Nf6 {[%clk 1:03:17]} 20. Nd3
{[%clk 1:14:39]} Kh8 {[%clk 0:52:24]} 21. c5 {[%clk 1:11:26]} Rg8
{[%clk 0:49:04]} 22. cxd6 {[%clk 1:08:56]} cxd6 {[%clk 0:48:45]} 23. Nf2
{[%clk 1:08:37]} Qh4 {[%clk 0:43:17]} 24. Ng4 {[%clk 0:59:49]} Rg6
{[%clk 0:32:29]} 25. Bf2 {[%clk 0:57:16]} Qh5 {[%clk 0:29:41]} 26. Qb3
{[%clk 0:56:54]} Bf8 {[%clk 0:23:02]} 27. Qxb7 {[%clk 0:54:52]} Nxg4
{[%clk 0:22:46]} 28. fxg4 {[%clk 0:55:12]} Qh6 {[%clk 0:23:03]} 29. Qxa6
{[%clk 0:54:02]} Rf6 {[%clk 0:20:02]} 30. Qb5 {[%clk 0:51:16]} Ng6
{[%clk 0:16:25]} 31. a6 {[%clk 0:50:13]} Be7 {[%clk 0:16:40]} 32. Qb7
{[%clk 0:49:50]} Rff8 {[%clk 0:16:46]} 33. a7 {[%clk 0:48:51]} Ra8
{[%clk 0:16:28]} 34. b4 {[%clk 0:48:50]} f3 {[%clk 0:11:12]} 35. Bxf3
{[%clk 0:48:36]} Nf4 {[%clk 0:10:36]} 36. b5 {[%clk 0:47:20]} Bf6
{[%clk 0:08:00]} 37. b6 {[%clk 0:46:51]} Qf8 {[%clk 0:06:55]} 38. Qa6
{[%clk 0:46:18]} Nd3 {[%clk 0:05:27]} 39. Qxd3 {[%clk 0:46:07]} Qe7
{[%clk 0:05:30]} 40. Qa6 {[%clk 0:45:27]} Rg7 {[%clk 0:05:34]} 41. Rfc1
{[%clk 0:45:21]} 1-0

[Event "EYCC 2024 - G14"]
[Site "?"]
[Date "2024.08.25"]
[Round "4.9"]
[White "Brunner, Josephina Akiko"]
[Black "Jimenez Carrazoni, Marta Elena"]
[Result "0-1"]
[BlackElo "1946"]
[WhiteElo "1760"]
[LiveChessVersion "1.4.8"]

1. e4 {[%clk 1:30:55]} c6 {[%clk 1:30:54]} 2. c4 {[%clk 1:31:09]} d5
{[%clk 1:31:09]} 3. cxd5 {[%clk 1:31:24]} cxd5 {[%clk 1:31:29]} 4. exd5
{[%clk 1:31:45]} Nf6 {[%clk 1:31:47]} 5. Nc3 {[%clk 1:31:38]} Nxd5
{[%clk 1:29:21]} 6. Nf3 {[%clk 1:30:17]} Nc6 {[%clk 1:28:45]} 7. d4
{[%clk 1:29:35]} e6 {[%clk 1:25:16]} 8. Bd3 {[%clk 1:27:09]} Bb4 {[%clk 1:23:03]}
9. O-O {[%clk 1:22:52]} Nxc3 {[%clk 1:13:25]} 10. bxc3 {[%clk 1:23:12]} Bxc3
{[%clk 1:07:46]} 11. Rb1 {[%clk 1:23:11]} Bb4 {[%clk 0:54:23]} 12. Ne5
{[%clk 0:43:43]} Bd6 {[%clk 0:39:36]} 13. Nxc6 {[%clk 0:43:03]} bxc6
{[%clk 0:39:53]} 14. Qg4 {[%clk 0:41:17]} g6 {[%clk 0:32:22]} 15. Re1
{[%clk 0:28:41]} O-O {[%clk 0:26:29]} 16. Qe4 {[%clk 0:08:33]} Qc7
{[%clk 0:25:30]} 17. h3 {[%clk 0:08:20]} Bb7 {[%clk 0:22:56]} 18. Bg5
{[%clk 0:07:01]} Rfe8 {[%clk 0:20:26]} 19. Bf6 {[%clk 0:06:52]} Rab8
{[%clk 0:19:32]} 20. Qe3 {[%clk 0:05:51]} Ba8 {[%clk 0:15:31]} 21. Qh6
{[%clk 0:05:22]} Bf8 {[%clk 0:15:38]} 22. Qe3 {[%clk 0:05:15]} Bg7
{[%clk 0:15:21]} 23. Bg5 {[%clk 0:03:46]} Rb6 {[%clk 0:14:01]} 24. Bf4
{[%clk 0:04:06]} Qd7 {[%clk 0:13:33]} 25. Rxb6 {[%clk 0:03:26]} axb6
{[%clk 0:13:54]} 26. Be5 {[%clk 0:02:38]} Rd8 {[%clk 0:12:29]} 27. Bxg7
{[%clk 0:02:38]} Kxg7 {[%clk 0:12:50]} 28. Qe5+ {[%clk 0:02:58]} Kg8
{[%clk 0:13:03]} 29. Rb1 {[%clk 0:02:04]} b5 {[%clk 0:11:01]} 30. Rb4
{[%clk 0:02:04]} Qe7 {[%clk 0:09:22]} 31. a3 {[%clk 0:01:17]} Qa7
{[%clk 0:07:25]} 32. Qf6 {[%clk 0:01:32]} Rd5 {[%clk 0:05:35]} 33. Be4
{[%clk 0:01:08]} Qxa3 {[%clk 0:04:36]} 34. Bxd5 {[%clk 0:00:53]} Qxb4
{[%clk 0:04:58]} 35. Qd8+ {[%clk 0:01:13]} Qf8 {[%clk 0:05:24]} 36. Qxf8+
{[%clk 0:01:28]} Kxf8 {[%clk 0:05:50]} 37. Bb3 {[%clk 0:01:52]} Ke7
{[%clk 0:06:14]} 38. Kf1 {[%clk 0:02:15]} Kd6 {[%clk 0:06:17]} 39. Ke2
{[%clk 0:02:38]} f6 {[%clk 0:06:31]} 40. f4 {[%clk 0:02:50]} e5 {[%clk 0:06:08]}
41. fxe5+ {[%clk 0:03:01]} fxe5 {[%clk 0:06:34]} 42. dxe5+ {[%clk 0:03:15]} Kxe5
{[%clk 0:06:58]} 43. Ke3 {[%clk 0:03:37]} c5 {[%clk 0:07:22]} 44. Bg8
{[%clk 0:03:45]} h6 {[%clk 0:07:02]} 45. g4 {[%clk 0:03:51]} g5 {[%clk 0:07:18]}
46. Bf7 {[%clk 0:03:37]} Bg2 {[%clk 0:07:38]} 47. Kf2 {[%clk 0:03:46]} Bxh3
{[%clk 0:07:38]} 48. Kg3 {[%clk 0:04:13]} Bf1 {[%clk 0:08:03]} 49. Bb3
{[%clk 0:04:34]} c4 {[%clk 0:08:25]} 50. Bc2 {[%clk 0:05:01]} Bd3
{[%clk 0:08:46]} 51. Bd1 {[%clk 0:05:18]} b4 {[%clk 0:09:13]} 0-1

[Event "EYCC 2024 - G14"]
[Site "?"]
[Date "2024.08.25"]
[Round "4.10"]
[White "Gunasti, Latife Yade"]
[Black "Ashton, Alannah"]
[Result "1/2-1/2"]
[BlackElo "1918"]
[WhiteElo "1704"]
[LiveChessVersion "1.4.8"]

1. d4 {[%clk 1:30:58]} Nf6 {[%clk 1:30:53]} 2. c4 {[%clk 1:31:24]} g6
{[%clk 1:31:17]} 3. Nc3 {[%clk 1:31:42]} d5 {[%clk 1:31:42]} 4. Nf3
{[%clk 1:31:57]} Bg7 {[%clk 1:32:05]} 5. Bg5 {[%clk 1:31:15]} Ne4
{[%clk 1:32:22]} 6. cxd5 {[%clk 1:30:36]} Nxg5 {[%clk 1:32:14]} 7. Nxg5
{[%clk 1:30:58]} O-O {[%clk 1:29:10]} 8. Nf3 {[%clk 1:28:58]} c6 {[%clk 1:28:59]}
9. dxc6 Nxc6 {[%clk 1:29:12]} 10. e3 {[%clk 1:23:43]} e5 {[%clk 1:26:16]} 11. d5
{[%clk 1:18:50]} e4 {[%clk 1:21:00]} 12. dxc6 {[%clk 1:08:24]} exf3
{[%clk 1:21:26]} 13. Qxd8 {[%clk 1:07:27]} Rxd8 {[%clk 1:21:50]} 14. gxf3
{[%clk 1:07:30]} bxc6 {[%clk 1:22:10]} 15. Bc4 {[%clk 1:05:29]} Rb8
{[%clk 1:20:49]} 16. O-O {[%clk 1:03:47]} Rxb2 {[%clk 1:18:32]} 17. Rfd1
{[%clk 0:49:36]} Rxd1+ {[%clk 0:51:33]} 18. Rxd1 {[%clk 0:50:01]} Bxc3
{[%clk 0:51:45]} 19. Rd8+ {[%clk 0:50:29]} Kg7 {[%clk 0:52:05]} 20. Rxc8
{[%clk 0:50:54]} Be1 {[%clk 0:51:56]} 21. Rc7 {[%clk 0:44:44]} 1/2-1/2

[Event "EYCC 2024 - G14"]
[Site "?"]
[Date "2024.08.25"]
[Round "4.11"]
[White "Haasova, Timea"]
[Black "Ceruta, Alexandra"]
[Result "1-0"]
[BlackElo "1710"]
[WhiteElo "1890"]
[LiveChessVersion "1.4.8"]

1. e4 {[%clk 1:30:56]} c5 {[%clk 1:30:49]} 2. Nf3 {[%clk 1:31:14]} e6
{[%clk 1:31:07]} 3. d4 {[%clk 1:31:34]} cxd4 {[%clk 1:31:27]} 4. Nxd4
{[%clk 1:31:54]} Nf6 {[%clk 1:31:42]} 5. Nc3 {[%clk 1:32:14]} d6 {[%clk 1:31:56]}
6. Be3 {[%clk 1:27:51]} a6 {[%clk 1:32:14]} 7. Be2 {[%clk 1:27:42]} Be7
{[%clk 1:30:33]} 8. Qd2 {[%clk 1:22:37]} Qc7 {[%clk 1:28:42]} 9. f3
{[%clk 1:20:47]} b5 {[%clk 1:24:14]} 10. a3 {[%clk 1:19:04]} Bb7 {[%clk 1:21:42]}
11. g4 {[%clk 1:14:56]} h6 {[%clk 1:18:57]} 12. h4 {[%clk 1:07:02]} Nbd7
{[%clk 1:03:25]} 13. O-O-O {[%clk 0:59:41]} O-O-O {[%clk 0:46:58]} 14. Ndxb5
{[%clk 0:55:17]} axb5 {[%clk 0:34:27]} 15. Nxb5 {[%clk 0:55:35]} Qb8
{[%clk 0:34:27]} 16. Na7+ {[%clk 0:55:19]} Kc7 {[%clk 0:34:06]} 17. Qa5+
{[%clk 0:55:29]} Nb6 {[%clk 0:33:37]} 18. Qxb6+ {[%clk 0:55:49]} Kd7
{[%clk 0:33:47]} 19. Bb5+ {[%clk 0:56:11]} 1-0

[Event "EYCC 2024 - G14"]
[Site "?"]
[Date "2024.08.25"]
[Round "4.12"]
[White "Barteckova, Nikol"]
[Black "Beber, Anja"]
[Result "0-1"]
[BlackElo "1877"]
[WhiteElo "1669"]
[LiveChessVersion "1.4.8"]

1. e4 {[%clk 1:30:58]} e5 {[%clk 1:30:54]} 2. Nf3 {[%clk 1:31:18]} Qe7
{[%clk 1:31:15]} 3. Nc3 {[%clk 1:31:20]} c6 {[%clk 1:31:37]} 4. Bc4
{[%clk 1:31:00]} h6 {[%clk 1:31:59]} 5. O-O {[%clk 1:29:31]} Nf6 {[%clk 1:32:20]}
6. Re1 {[%clk 1:28:36]} d6 {[%clk 1:32:28]} 7. h3 {[%clk 1:26:16]} Qc7
{[%clk 1:31:34]} 8. d4 {[%clk 1:24:53]} Nbd7 {[%clk 1:31:10]} 9. Be3
{[%clk 1:20:51]} Be7 {[%clk 1:31:18]} 10. Qd2 {[%clk 1:18:43]} O-O
{[%clk 1:30:10]} 11. Rad1 {[%clk 1:13:33]} Rd8 {[%clk 1:29:46]} 12. d5
{[%clk 0:47:22]} Nf8 {[%clk 1:27:13]} 13. Nh2 {[%clk 0:41:24]} b5
{[%clk 1:23:51]} 14. Be2 {[%clk 0:39:42]} b4 {[%clk 1:18:21]} 15. Nb1
{[%clk 0:38:09]} Nxe4 {[%clk 1:16:38]} 16. Qxb4 {[%clk 0:36:13]} cxd5
{[%clk 1:16:58]} 17. Rxd5 {[%clk 0:35:33]} Nf6 {[%clk 1:17:20]} 18. Rdd1
{[%clk 0:31:29]} d5 {[%clk 1:11:15]} 19. Qc3 {[%clk 0:29:25]} Qxc3
{[%clk 1:11:06]} 20. bxc3 {[%clk 0:29:44]} Bb7 {[%clk 1:06:44]} 21. Nf3
{[%clk 0:23:01]} Ng6 {[%clk 1:07:03]} 22. Nbd2 {[%clk 0:21:36]} Rac8
{[%clk 1:04:35]} 23. Rb1 {[%clk 0:18:26]} Ba8 {[%clk 1:04:55]} 24. Bxa7
{[%clk 0:17:01]} Rxc3 {[%clk 1:05:15]} 25. Nb3 {[%clk 0:14:48]} Rxc2
{[%clk 1:03:43]} 26. Bb6 {[%clk 0:13:51]} Rb8 {[%clk 1:03:58]} 27. Bc7
{[%clk 0:14:07]} Rxc7 {[%clk 1:04:18]} 0-1

[Event "EYCC 2024 - G14"]
[Site "?"]
[Date "2024.08.25"]
[Round "4.13"]
[White "Buchtova, Viktorie"]
[Black "Gevorgyan, Nrane"]
[Result "0-1"]
[BlackElo "1627"]
[WhiteElo "1854"]
[LiveChessVersion "1.4.8"]

1. e4 {[%clk 1:30:57]} c5 {[%clk 1:30:55]} 2. Nf3 {[%clk 1:31:24]} Nc6
{[%clk 1:31:20]} 3. d4 {[%clk 1:31:47]} cxd4 {[%clk 1:31:45]} 4. Nxd4
{[%clk 1:32:15]} g6 {[%clk 1:32:09]} 5. Nc3 {[%clk 1:32:40]} Bg7 {[%clk 1:32:33]}
6. Be3 {[%clk 1:33:07]} Nf6 {[%clk 1:32:56]} 7. Bc4 {[%clk 1:33:33]} Qa5
{[%clk 1:33:22]} 8. O-O {[%clk 1:16:34]} O-O {[%clk 1:32:50]} 9. Bb3
{[%clk 1:16:38]} Ng4 {[%clk 1:31:08]} 10. Nd5 {[%clk 1:06:31]} Nxe3
{[%clk 1:19:54]} 11. fxe3 {[%clk 0:57:21]} e6 {[%clk 1:09:37]} 12. Nf6+
{[%clk 0:47:33]} Bxf6 {[%clk 0:55:45]} 13. Rxf6 {[%clk 0:45:33]} Qg5
{[%clk 0:55:35]} 14. Rf3 {[%clk 0:43:54]} Ne5 {[%clk 0:55:50]} 15. Rf4
{[%clk 0:40:37]} h5 {[%clk 0:49:50]} 16. Nf3 {[%clk 0:36:49]} Nxf3+
{[%clk 0:50:11]} 17. Qxf3 {[%clk 0:36:45]} b6 {[%clk 0:50:05]} 18. Rd1
{[%clk 0:33:00]} Qe5 {[%clk 0:47:12]} 19. Rf1 {[%clk 0:23:02]} Ba6
{[%clk 0:45:30]} 20. c4 {[%clk 0:16:40]} Qg7 {[%clk 0:45:56]} 21. e5
{[%clk 0:14:09]} Rac8 {[%clk 0:46:06]} 22. Qe4 {[%clk 0:14:12]} b5
{[%clk 0:43:21]} 23. cxb5 {[%clk 0:09:18]} Bxb5 {[%clk 0:43:49]} 24. Rd1
{[%clk 0:09:35]} Rc5 {[%clk 0:40:26]} 25. Rf6 {[%clk 0:09:37]} Qh6
{[%clk 0:39:20]} 26. Qd4 {[%clk 0:08:03]} Rfc8 {[%clk 0:39:36]} 27. a4
{[%clk 0:07:37]} Ba6 {[%clk 0:38:33]} 28. Rf4 {[%clk 0:05:41]} R8c7
{[%clk 0:34:13]} 29. Qd6 {[%clk 0:04:24]} R5c6 {[%clk 0:33:19]} 30. Qe7
{[%clk 0:01:47]} Qf8 {[%clk 0:33:48]} 31. Qf6 {[%clk 0:01:43]} Rb6
{[%clk 0:33:07]} 32. Ba2 {[%clk 0:01:38]} Rxb2 {[%clk 0:33:00]} 33. Bxe6
{[%clk 0:01:43]} dxe6 {[%clk 0:33:26]} 34. h3 {[%clk 0:00:57]} Rb8
{[%clk 0:33:17]} 35. Rd6 {[%clk 0:00:47]} Bc4 {[%clk 0:32:50]} 36. Rfd4
{[%clk 0:01:08]} Rcc8 {[%clk 0:32:09]} 37. Rd7 {[%clk 0:01:27]} Qg7
{[%clk 0:31:52]} 38. Qxg7+ {[%clk 0:00:41]} Kxg7 {[%clk 0:32:20]} 39. Rf4
{[%clk 0:01:04]} a6 {[%clk 0:31:17]} 40. h4 {[%clk 0:00:49]} Kh6 {[%clk 0:30:14]}
41. Rfxf7 {[%clk 0:01:14]} Rh8 {[%clk 0:30:41]} 42. Rc7 {[%clk 0:01:35]} Rb4
{[%clk 0:28:38]} 43. a5 {[%clk 0:01:32]} Ra4 {[%clk 0:28:28]} 44. Rc6
{[%clk 0:01:34]} Bb5 {[%clk 0:27:49]} 45. Rc5 {[%clk 0:02:03]} Rxa5
{[%clk 0:27:39]} 46. Rcc7 {[%clk 0:00:36]} Bd3 {[%clk 0:26:59]} 47. Rfd7
{[%clk 0:00:37]} Be4 {[%clk 0:24:52]} 48. Rd6 {[%clk 0:00:37]} Ra2
{[%clk 0:24:19]} 49. Rxe6 {[%clk 0:00:39]} Rxg2+ {[%clk 0:24:18]} 50. Kf1
{[%clk 0:01:07]} Rf8+ {[%clk 0:24:08]} 51. Ke1 {[%clk 0:01:34]} Rb8
{[%clk 0:24:24]} 52. Rc1 {[%clk 0:01:31]} Rbb2 {[%clk 0:24:39]} 53. Rf6
{[%clk 0:01:17]} Rbe2+ {[%clk 0:24:39]} 54. Kf1 {[%clk 0:01:16]} Bd3
{[%clk 0:24:35]} 55. Rc3 {[%clk 0:00:44]} Bb5 {[%clk 0:24:24]} 56. Ra3
{[%clk 0:00:33]} Rb2+ {[%clk 0:24:42]} 57. Ke1 {[%clk 0:00:53]} Rb1#
{[%clk 0:25:11]} 0-1

[Event "EYCC 2024 - G14"]
[Site "?"]
[Date "2024.08.25"]
[Round "4.14"]
[White "Heibo, Amalie Linnea"]
[Black "Balazs, Szabina Zoe"]
[Result "1-0"]
[BlackElo "1818"]
[WhiteElo "1656"]
[LiveChessVersion "1.4.8"]

1. d4 {[%clk 1:30:52]} Nf6 {[%clk 1:30:52]} 2. c4 {[%clk 1:31:02]} e6
{[%clk 1:31:15]} 3. Nc3 {[%clk 1:30:50]} Bb4 {[%clk 1:31:33]} 4. Qc2
{[%clk 1:29:35]} O-O {[%clk 1:31:50]} 5. a3 {[%clk 1:29:36]} Bxc3+
{[%clk 1:32:11]} 6. Qxc3 {[%clk 1:30:05]} d5 {[%clk 1:31:58]} 7. Bg5
{[%clk 1:28:54]} c5 {[%clk 1:30:31]} 8. cxd5 {[%clk 1:22:03]} exd5
{[%clk 1:28:47]} 9. Nf3 {[%clk 1:20:45]} c4 {[%clk 1:27:23]} 10. e3
{[%clk 1:19:17]} Nbd7 {[%clk 1:24:43]} 11. Be2 {[%clk 1:18:26]} h6
{[%clk 1:22:27]} 12. Bh4 {[%clk 1:17:06]} b5 {[%clk 1:17:19]} 13. a4
{[%clk 1:04:20]} Qb6 {[%clk 1:16:23]} 14. axb5 {[%clk 0:55:13]} Qxb5
{[%clk 1:16:43]} 15. Nd2 {[%clk 0:54:47]} Qb6 {[%clk 1:10:56]} 16. Bg3
{[%clk 0:52:51]} a5 {[%clk 1:04:24]} 17. Bf3 {[%clk 0:51:33]} Bb7
{[%clk 1:02:38]} 18. O-O {[%clk 0:49:40]} a4 {[%clk 0:51:55]} 19. Rfe1
{[%clk 0:44:38]} Rfe8 {[%clk 0:51:43]} 20. Reb1 {[%clk 0:40:47]} Nh7
{[%clk 0:42:30]} 21. h4 {[%clk 0:34:45]} Qe6 {[%clk 0:32:29]} 22. Nxc4
{[%clk 0:19:51]} Rac8 {[%clk 0:23:14]} 23. Qb4 {[%clk 0:18:54]} Rxc4
{[%clk 0:22:51]} 24. Qxb7 {[%clk 0:19:04]} Nhf6 {[%clk 0:22:28]} 25. Rc1
{[%clk 0:17:37]} Rec8 {[%clk 0:20:54]} 26. Rxc4 {[%clk 0:16:32]} Rxc4
{[%clk 0:21:17]} 27. Qa8+ {[%clk 0:16:56]} Kh7 {[%clk 0:21:41]} 28. Be2
{[%clk 0:15:38]} Rb4 {[%clk 0:20:29]} 29. Bd3+ {[%clk 0:15:23]} g6
{[%clk 0:20:18]} 30. Ra2 {[%clk 0:12:44]} Qg4 {[%clk 0:16:21]} 31. Ra1
{[%clk 0:10:49]} Rxb2 {[%clk 0:11:11]} 32. Qxa4 {[%clk 0:11:02]} Rd2
{[%clk 0:09:39]} 33. Qb3 {[%clk 0:07:30]} Nh5 {[%clk 0:08:03]} 34. Bf1
{[%clk 0:04:12]} Nxg3 {[%clk 0:07:16]} 35. fxg3 {[%clk 0:04:41]} Qxg3
{[%clk 0:07:22]} 36. Qxd5 {[%clk 0:05:07]} Qf2+ {[%clk 0:07:30]} 37. Kh1
{[%clk 0:05:14]} Ne5 {[%clk 0:04:30]} 38. Qxe5 {[%clk 0:04:17]} 1-0